[Event "World Rapid 2025"]
[Site "Doha QAT"]
[Date "2025.12.27"]
[Round "9.117"]
[White "Anand, Tsogtbileg"]
[Black "Damaj, Mohammed"]
[Result "1/2-1/2"]
[WhiteTitle "CM"]
[BlackTitle "CM"]
[WhiteElo "1968"]
[BlackElo "2119"]
[WhiteFideId "4926552"]
[BlackFideId "11501731"]
[EventDate "2025.12.26"]

1. e4 e5 2. Nf3 Nf6 3. d4 Nxe4 4. Bd3 d5 5. Nxe5 Nd7 6. O-O Nxe5 7. Bxe4 dxe4 8.
dxe5 Qxd1 9. Rxd1 Bc5 10. Nc3 Bf5 11. Nb5 Rc8 12. b4 Bxb4 13. Nxa7 Ra8 14. Nb5
Ba5 15. Ba3 Bd7 16. Rab1 Bb6 17. Bc5 Bxc5 18. Nxc7+ Ke7 19. Nxa8 Rxa8 20. Rxb7
Rd8 21. Rd5 Ba3 22. Ra7 Bb2 23. c4 Ke8 24. a4 Be6 25. Rxd8+ Kxd8 26. a5 Kc8 27.
a6 Bxe5 28. c5 Bd4 29. Ra8+ Kc7 30. a7 Bd5 31. Rf8 Bxc5 32. a8=Q Bxa8 33. Rxa8
e3 34. fxe3 Bxe3+ 35. Kf1 Kd7 36. Ke2 Bg1 37. g3 h5 38. Kf3 g6 39. Ra1 Bc5 40.
Re1 Bb4 41. Re2 Be7 42. Kf4 Ke8 43. Ke4 Kf8 44. Kd5 Bf6 45. Kd6 h4 46. g4 Bg5
47. Rf2 Be3 48. Rf3 Ba7 49. Ke5 Kg7 50. Kf4 Bb8+ 51. Kg5 Bxh2 52. Kxh4 Be5 53.
Kh3 f6 54. Rb3 Kh6 55. Rb5 Kg5 56. Rb4 f5 57. gxf5 gxf5 58. Kg2 Kf6 59. Rb6+ Kg5
60. Kf3 Bd4 61. Re6 Bc5 62. Re8 Bd4 63. Ke2 Kf4 64. Kd3 Bb6 65. Rf8 Ke5 66. Ke2
Ke4 67. Rh8 Bc5 68. Rh4+ f4 69. Rh8 f3+ 70. Kf1 Be3 71. Re8+ Kf4 72. Ke1 Bc5 73.
Kf1 Be3 74. Rf8+ Ke4 75. Rh8 Bc5 76. Rh4+ Ke3 77. Rc4 Bd4 78. Rc1 Ke4 79. Rb1
Be3 80. Rb3 Bd4 81. Ke1 Be3 82. Rb4+ Kd3 83. Rb3+ Ke4 84. Kd1 Kf4 85. Rb4+ Kg3
86. Rb3 Bf4 87. Ke1 Kg2 88. Rxf3 Kxf3 1/2-1/2

[Event "World Rapid 2025"]
[Site "Doha QAT"]
[Date "2025.12.27"]
[Round "9.118"]
[White "Dinham, James"]
[Black "Fates, Omer Salah"]
[Result "1-0"]
[WhiteElo "2091"]
[BlackElo "2079"]
[WhiteFideId "14327023"]
[BlackFideId "9212035"]
[EventDate "2025.12.26"]

1. Nf3 Nf6 2. g3 g6 3. Bg2 Bg7 4. O-O O-O 5. d4 d6 6. c4 c6 7. Nc3 Bf5 8. Re1
Qc8 9. e4 Bg4 10. Bg5 h6 11. Be3 Re8 12. Rc1 c5 13. dxc5 dxc5 14. Qb3 Nbd7 15.
Nd2 e5 16. h3 Be6 17. Nd5 Rb8 18. Kh2 b6 19. Qa4 Kh7 20. a3 Ng8 21. b4 Ne7 22.
b5 Bxd5 23. cxd5 Qc7 24. Nc4 Nc8 25. Qc2 Nd6 26. a4 Rbd8 27. Rcd1 Re7 28. Rf1
Nf6 29. Nxd6 Qxd6 30. f4 Ne8 31. Rd2 Red7 32. Rdf2 Qc7 33. f5 Nd6 34. fxg6+ fxg6
35. Qe2 Re8 36. h4 Ree7 37. h5 g5 38. Bh3 Rd8 39. Be6 Kh8 40. Qg4 a6 41. Bxg5
hxg5 42. Qxg5 Nxe4 43. Rf8+ Rxf8 44. Rxf8+ 1-0

[Event "World Rapid 2025"]
[Site "Doha QAT"]
[Date "2025.12.27"]
[Round "9.119"]
[White "Blackwood, Ryan"]
[Black "Phuyal, Aashish"]
[Result "0-1"]
[WhiteElo "1945"]
[BlackElo "1955"]
[WhiteFideId "7400640"]
[BlackFideId "12312649"]
[EventDate "2025.12.26"]

1. e4 e5 2. Nf3 Nc6 3. d4 exd4 4. Nxd4 Nf6 5. Nxc6 bxc6 6. Bd3 d5 7. exd5 cxd5
8. O-O Be7 9. Bg5 O-O 10. Nc3 Be6 11. Qf3 h6 12. Bxf6 Bxf6 13. Nd1 Rb8 14. Rb1
d4 15. b3 Qd7 16. Nb2 Rfe8 17. Nc4 Bd5 18. Qg3 h5 19. h3 h4 20. Qf4 Re7 21. Rbe1
Rbe8 22. Rxe7 Rxe7 23. Nd2 Qc6 24. Qf5 g6 25. Qg4 Kg7 26. f4 Re3 27. Nf3 Bxf3
28. Rxf3 Re1+ 29. Rf1 Re3 30. Rf3 Re1+ 31. Rf1 Qe8 32. Qf3 Re3 33. Qf2 Qe7 34.
a4 Qc5 35. Qd2 Qd5 36. Qf2 Qa5 37. Kh1 Qc3 38. Rd1 Qc6 39. Kg1 Qc5 40. Kh1 Qe7
41. Rf1 Qb4 42. Kg1 Qc3 43. Rd1 Be7 44. Rf1 f5 45. Rd1 Bf6 46. Rf1 Qc6 47. Rd1
Qe8 48. Rf1 Qe7 49. Qd2 Qc5 50. Qf2 Be7 51. Kh1 Qd6 52. Kg1 Qf6 53. Qd2 Qb6 54.
Qf2 a5 55. Kh1 Qf6 56. Kg1 Bb4 57. Rd1 Qe7 58. Rf1 Be1 59. Rxe1 Rxe1+ 60. Kh2
Qe3 61. Qxe3 dxe3 62. g4 e2 63. gxf5 Rh1+ 64. Kxh1 e1=Q+ 65. Kg2 gxf5 66. Bxf5
Qg3+ 67. Kh1 Qxf4 68. Bd3 Qg3 69. Bf1 Kf6 70. Bd3 Ke5 71. b4 Kf4 72. bxa5 Ke3
73. a6 Kf2 74. a7 Qxh3# 0-1

[Event "World Rapid 2025"]
[Site "Doha QAT"]
[Date "2025.12.27"]
[Round "9.120"]
[White "Al-Kuwari, Hamad"]
[Black "Anwoir, Tarik"]
[Result "0-1"]
[WhiteTitle "CM"]
[WhiteElo "1809"]
[BlackElo "2098"]
[WhiteFideId "12102679"]
[BlackFideId "9004904"]
[EventDate "2025.12.26"]

1. e4 e5 2. Nf3 Nc6 3. Bb5 a6 4. Ba4 Bc5 5. c3 Ba7 6. O-O d6 7. d4 b5 8. Bb3 Qe7
9. dxe5 Nxe5 10. Nxe5 dxe5 11. Bd5 Rb8 12. Bc6+ Kf8 13. b3 Be6 14. a4 bxa4 15.
Bxa4 Nf6 16. Qe2 Bb6 17. Bg5 a5 18. Nd2 h6 19. Be3 g5 20. Nc4 Bxc4 21. Qxc4 Kg7
22. Rfe1 Rhd8 23. Bxb6 cxb6 24. Qe2 Rd6 25. f3 Rbd8 26. Qf1 Nh5 27. Kh1 Rd2 28.
Red1 Qc5 29. Rxd2 Rxd2 30. Qe1 Qxc3 31. Rc1 Qd4 32. g3 Qb2 33. Qg1 Rxh2+ 34.
Qxh2 Qxc1+ 35. Kg2 Qd2+ 36. Kg1 Qxh2+ 37. Kxh2 Kf6 38. Bb5 Ng7 39. Kg2 Ne6 40.
Kf2 Nd4 41. Bc4 b5 42. Bd5 a4 43. bxa4 bxa4 44. Ke3 Ke7 45. f4 f6 46. fxe5 fxe5
47. Kd3 h5 48. Bc4 a3 49. Kc3 h4 50. gxh4 gxh4 51. Bf1 Kf6 52. Bh3 Kg5 53. Kd3 0-1

[Event "World Rapid 2025"]
[Site "Doha QAT"]
[Date "2025.12.27"]
[Round "9.121"]
[White "Dahal, Sushrut"]
[Black "Khayat, Emad"]
[Result "1-0"]
[WhiteTitle "CM"]
[WhiteElo "2037"]
[BlackElo "1927"]
[WhiteFideId "12303275"]
[BlackFideId "21518076"]
[EventDate "2025.12.26"]

1. d4 Nf6 2. Nc3 d5 3. Bf4 e6 4. e3 Bb4 5. Bd3 Bxc3+ 6. bxc3 c5 7. Bg5 Qa5 8.
Qd2 Nbd7 9. f3 O-O 10. Nh3 b6 11. Nf2 Bb7 12. f4 Rac8 13. g4 Ne4 14. Bxe4 dxe4
15. O-O Bd5 16. Rfd1 f6 17. Bh4 f5 18. gxf5 Rxf5 19. c4 Qxd2 20. Rxd2 Bxc4 21.
Nxe4 Rd5 22. c3 cxd4 23. cxd4 Ba6 24. Be7 Rc4 25. Re1 h6 26. Rb2 Ra5 27. Bb4 Rh5
28. Ng3 Rb5 29. a3 Bb7 30. Reb1 Nf6 31. Bd2 Rxb2 32. Rxb2 Kf7 33. h3 Ke8 34. f5
Kf7 35. Kf1 Bc8 36. fxe6+ Bxe6 37. h4 g6 38. Ke1 Bd5 39. Ke2 Ke6 40. Kd3 Ra4 41.
Bb4 a5 42. Bf8 Nd7 43. Bxh6 Rxa3+ 44. Ke2 Bc4+ 45. Kf2 b5 46. e4 b4 47. Bf4 b3
48. d5+ Kf7 49. Bc1 Ne5 50. Rd2 Nd3+ 51. Rxd3 Bxd3 52. Bxa3 Kf6 53. Ke3 Bc2 54.
Bb2+ Ke7 55. e5 a4 56. Kd4 Bd1 57. Ne4 Bf3 58. Ng5 Bg2 59. Ba3+ Kd8 60. e6 Bh1
61. Ke5 Bg2 62. d6 Bc6 1-0

[Event "World Rapid 2025"]
[Site "Doha QAT"]
[Date "2025.12.27"]
[Round "9.122"]
[White "Al-Janahi, Ibrahim"]
[Black "AlJamaat, Khaled"]
[Result "1/2-1/2"]
[WhiteElo "1656"]
[BlackElo "1719"]
[WhiteFideId "12102385"]
[BlackFideId "12102415"]
[EventDate "2025.12.26"]

1. d4 Nf6 2. c4 e6 3. Nc3 Bb4 4. e3 O-O 5. Bd3 b6 6. Nf3 Bb7 7. O-O d5 8. cxd5
exd5 9. Ne5 Nbd7 10. f4 c5 11. a3 Bxc3 12. bxc3 c4 13. Bb1 Ne4 14. Bxe4 Nxe5 15.
Bxh7+ Kxh7 16. Qh5+ Kg8 17. fxe5 f6 1/2-1/2

[Event "World Rapid 2025"]
[Site "Doha QAT"]
[Date "2025.12.28"]
[Round "10.3"]
[White "Abdusattorov, Nodirbek"]
[Black "Erdogmus, Yagiz Kaan"]
[Result "1/2-1/2"]
[WhiteTitle "GM"]
[BlackTitle "GM"]
[WhiteElo "2732"]
[BlackElo "2658"]
[WhiteFideId "14204118"]
[BlackFideId "44599790"]
[EventDate "2025.12.26"]

1. c4 e6 2. Nc3 d5 3. d4 Be7 4. cxd5 exd5 5. Bf4 c6 6. e3 Bf5 7. Nge2 Nd7 8. h4
Ngf6 9. Ng3 Be6 10. Bd3 O-O 11. h5 Nb6 12. f3 h6 13. Kf2 Re8 14. Rc1 Bf8 15.
Nge2 Nh7 16. Bb1 Nc4 17. g4 Be7 18. b3 Nd6 19. Ng3 Nf8 20. Nce2 Bg5 21. Qd3 Bxf4
22. exf4 f5 23. g5 hxg5 24. fxg5 Qxg5 25. Rcg1 Qh6 26. Rh4 Qf6 27. Rf4 Qh6 28.
Rh4 Qf6 29. Rf4 Qh6 1/2-1/2

[Event "World Rapid 2025"]
[Site "Doha QAT"]
[Date "2025.12.28"]
[Round "10.4"]
[White "Vachier-Lagrave, Maxime"]
[Black "Gukesh, D"]
[Result "1/2-1/2"]
[WhiteTitle "GM"]
[BlackTitle "GM"]
[WhiteElo "2734"]
[BlackElo "2754"]
[WhiteFideId "623539"]
[BlackFideId "46616543"]
[EventDate "2025.12.26"]

1. e4 c5 2. Nf3 d6 3. d4 cxd4 4. Nxd4 Nf6 5. Nc3 a6 6. Bd3 e5 7. Nde2 Be7 8. O-O
Be6 9. f4 O-O 10. h3 exf4 11. Nxf4 Nc6 12. Be3 Ne5 13. a4 Rc8 14. a5 Nfd7 15.
Ncd5 Bg5 16. Qe2 Ng6 17. Nxe6 fxe6 18. Rxf8+ Ngxf8 19. Qd2 Bxe3+ 20. Nxe3 Ne5
21. Rf1 Nfd7 22. b3 Qg5 23. Nc4 Qxd2 24. Nxd2 Nxd3 25. cxd3 Rc3 26. d4 Rd3 27.
Nf3 Rxb3 28. Ng5 Rb5 29. Nxe6 Nf6 30. Nc7 Rxa5 31. Rb1 Nxe4 32. Rxb7 Ra1+ 33.
Kh2 Kf7 1/2-1/2

[Event "World Rapid 2025"]
[Site "Doha QAT"]
[Date "2025.12.28"]
[Round "10.6"]
[White "Maghsoodloo, Parham"]
[Black "Mamedyarov, Shakhriyar"]
[Result "1/2-1/2"]
[WhiteTitle "GM"]
[BlackTitle "GM"]
[WhiteElo "2708"]
[BlackElo "2730"]
[WhiteFideId "12539929"]
[BlackFideId "13401319"]
[EventDate "2025.12.26"]

1. e4 e5 2. Nf3 Nf6 3. Nxe5 d6 4. Nd3 Nxe4 5. Qe2 Qe7 6. Nf4 Nf6 7. d4 Qxe2+ 8.
Bxe2 d5 9. c3 Bd6 10. Be3 c6 11. f3 h5 12. Nd2 Bf5 13. Kf2 Nbd7 14. h4 O-O-O 15.
Bd3 Bxf4 16. Bxf5 Bxe3+ 17. Kxe3 g6 18. Bxd7+ Kxd7 19. Rae1 Rhe8+ 20. Kf2 a5 21.
Nb3 b6 22. Nc1 Kd6 1/2-1/2

[Event "World Rapid 2025"]
[Site "Doha QAT"]
[Date "2025.12.28"]
[Round "10.7"]
[White "Shimanov, Aleksandr"]
[Black "Sindarov, Javokhir"]
[Result "1/2-1/2"]
[WhiteTitle "GM"]
[BlackTitle "GM"]
[WhiteElo "2578"]
[BlackElo "2726"]
[WhiteFideId "4198603"]
[BlackFideId "14205483"]
[EventDate "2025.12.26"]

1. d4 d5 2. Nf3 Nf6 3. c4 e6 4. Bg5 h6 5. Bxf6 Qxf6 6. Nc3 c6 7. e3 g6 8. Bd3
Bg7 9. O-O O-O 10. e4 Qd8 11. e5 c5 12. dxc5 Nc6 13. Re1 dxc4 14. Bxc4 Qa5 15.
Bb5 Rd8 16. Qe2 Bd7 17. a3 Be8 18. b4 Qc7 19. Bxc6 Bxc6 20. Nb5 Bxb5 21. Qxb5 b6
22. Rac1 Rd5 23. Qc4 bxc5 24. bxc5 Bf8 25. c6 Rc8 26. a4 Qb6 27. h4 Rc5 28. Qf4
R5xc6 29. Rcd1 Rc2 30. Nd2 Bg7 31. Ne4 Qc7 32. Nf6+ Bxf6 33. Qxf6 h5 34. Rd4 Rc1
35. Rxc1 Qxc1+ 36. Kh2 Rf8 37. g4 hxg4 38. Rxg4 Qh6 39. h5 Kh7 40. Qe7 Kg8 41.
Qf6 Kh7 42. Qe7 Kg8 1/2-1/2

[Event "World Rapid 2025"]
[Site "Doha QAT"]
[Date "2025.12.28"]
[Round "10.8"]
[White "Dominguez Perez, Leinier"]
[Black "Mamedov, Rauf"]
[Result "1-0"]
[WhiteTitle "GM"]
[BlackTitle "GM"]
[WhiteElo "2738"]
[BlackElo "2645"]
[WhiteFideId "3503240"]
[BlackFideId "13401653"]
[EventDate "2025.12.26"]

1. e4 c5 2. Nf3 Nc6 3. d4 cxd4 4. Nxd4 Nf6 5. Nc3 e5 6. Ndb5 d6 7. Bg5 a6 8. Na3
b5 9. Nd5 Be7 10. Bxf6 Bxf6 11. c4 b4 12. Nc2 O-O 13. Qf3 Bh4 14. b3 a5 15. g3
Bg5 16. h4 Bh6 17. Bh3 Be6 18. Rd1 Ne7 19. Nxe7+ Qxe7 20. Kf1 g6 21. h5 Kg7 22.
Bxe6 fxe6 23. Qe2 Rf7 24. hxg6 hxg6 25. Ne3 Bxe3 26. Qxe3 g5 27. Rxd6 Raf8 28.
Rh2 Rxf2+ 29. Rxf2 Rxf2+ 30. Kxf2 Qxd6 31. Qxg5+ Kf7 32. Qe3 Kg6 33. Ke2 Qd7 34.
Qc5 Kf6 35. Qxa5 Qd4 36. Qa8 Ke7 37. Qb7+ Kf6 38. Qh7 Qb2+ 39. Kf3 Qxa2 40. Qh6+
Kf7 41. Qh5+ Kf6 42. Qh6+ Kf7 43. Qe3 Qc2 44. Kg4 Qc3 45. Kf3 Qc2 46. g4 Kg6 47.
c5 Qd1+ 48. Kg3 Qc2 49. Kf3 Qd1+ 50. Kf2 Qc2+ 51. Ke1 Qb1+ 52. Kd2 Qb2+ 53. Kd1
Qb1+ 54. Ke2 Qc2+ 55. Kf3 Qd1+ 56. Kg3 Qc2 57. g5 Qc3 58. Kf3 Qc2 59. Kg3 Qc3
60. Kf2 Qc2+ 61. Ke1 Qb1+ 62. Kd2 Qb2+ 63. Kd1 Qb1+ 64. Ke2 Qc2+ 65. Ke1 Qb1+
66. Kf2 Qc2+ 67. Kf3 Qd1+ 68. Kg3 Qc2 69. Qf2 Qxb3+ 70. Kh4 Qd1 71. Qf6+ Kh7 72.
Qf7+ Kh8 73. Qf8+ Kh7 74. Qh6+ Kg8 75. Qxe6+ Kf8 76. Qf6+ Kg8 77. Qg6+ Kf8 78.
Qf5+ Kg8 79. c6 Qh1+ 80. Kg4 Qd1+ 81. Kh4 Qh1+ 82. Kg4 Qd1+ 83. Qf3 Qc2 84. g6 1-0

[Event "World Rapid 2025"]
[Site "Doha QAT"]
[Date "2025.12.28"]
[Round "10.9"]
[White "Henriquez Villagra, Cristobal"]
[Black "So, Wesley"]
[Result "1/2-1/2"]
[WhiteTitle "GM"]
[BlackTitle "GM"]
[WhiteElo "2598"]
[BlackElo "2753"]
[WhiteFideId "3409350"]
[BlackFideId "5202213"]
[EventDate "2025.12.26"]

1. e4 e5 2. Nf3 Nf6 3. Nc3 Nc6 4. Bb5 Bd6 5. O-O O-O 6. Bxc6 dxc6 7. d3 Bg4 8.
h3 Bh5 9. Kh1 Nd7 10. g4 Bg6 11. Ne2 Nc5 12. Ng3 Ne6 13. Nf5 f6 14. Rg1 c5 15.
Be3 Qd7 16. h4 Rad8 17. a4 Be8 18. h5 1/2-1/2

[Event "World Rapid 2025"]
[Site "Doha QAT"]
[Date "2025.12.28"]
[Round "10.10"]
[White "Nepomniachtchi, Ian"]
[Black "Lazavik, Denis"]
[Result "1/2-1/2"]
[WhiteTitle "GM"]
[BlackTitle "GM"]
[WhiteElo "2723"]
[BlackElo "2605"]
[WhiteFideId "4168119"]
[BlackFideId "13515110"]
[EventDate "2025.12.26"]

1. e4 e5 2. Nf3 Nc6 3. Bc4 Nf6 4. d3 Bc5 5. Nc3 d6 6. Na4 Bb6 7. a3 h6 8. O-O
O-O 9. h3 Re8 10. c3 Be6 11. Bxe6 Rxe6 12. b4 Ne7 13. Re1 Ng6 14. c4 c6 15. Bb2
Bc7 16. Qc2 Re8 17. Nc3 Nh7 18. Bc1 Qf6 19. Be3 Nf4 20. Kh2 Ne6 21. Ne2 d5 22.
cxd5 cxd5 23. Rac1 dxe4 24. dxe4 Bb6 25. Nc3 Bxe3 26. Rxe3 Nd4 27. Qd1 Ng5 28.
Nxg5 hxg5 29. Kg1 Rac8 30. Nd5 Qd6 31. Rxc8 Rxc8 32. Qg4 Rc1+ 33. Kh2 f6 34. h4
Qe6 35. Qh5 Qf7 36. Qxf7+ Kxf7 37. hxg5 fxg5 38. Kh3 Rc2 39. f3 Kg6 40. a4 b6
41. Ra3 Ne2 42. a5 b5 43. a6 Rb2 44. Ra5 Ng1+ 45. Kg3 Ne2+ 46. Kh2 Nd4 47. Kh3
Kf7 48. Ra3 Rc2 49. Rc3 Rxc3 50. Nxc3 Nc6 51. Kg4 Kg6 52. Nxb5 Nxb4 53. Nxa7
Nxa6 54. Nc6 Kf6 55. Kh5 Nc5 56. Nb4 g6+ 57. Kg4 Ne6 58. Nc2 Kf7 59. Ne3 Kf6 60.
Nd1 Nf4 61. Ne3 Ne6 62. Nd5+ Kf7 63. Nb6 Nf4 64. Kxg5 Nxg2 65. Nd7 Ke6 66. Nf8+
Kd6 67. Nxg6 Ne1 68. Kg4 Ke6 69. Nh4 Kf6 70. Nf5 Nd3 71. Ne3 Nf2+ 72. Kh5 Nd3
73. Ng4+ Ke6 74. Kh4 Ne1 75. Kg3 Nd3 76. Ne3 Kf6 77. Kg4 Nf2+ 78. Kh4 Nd3 79.
Kh5 Ne1 80. Ng4+ Ke6 81. Nh2 Kf6 82. Kh6 Nd3 83. Ng4+ Ke6 84. Kg5 Ne1 85. Nh2
Nd3 86. Nf1 Ne1 87. Nd2 Nd3 88. Kg6 Ne1 89. Kg7 Ke7 90. Kg6 Ke6 91. Kg5 Nd3 92.
Nc4 Ne1 93. Nxe5 Kxe5 94. f4+ Kxe4 1/2-1/2

[Event "World Rapid 2025"]
[Site "Doha QAT"]
[Date "2025.12.28"]
[Round "10.11"]
[White "Esipenko, Andrey"]
[Black "Caruana, Fabiano"]
[Result "1/2-1/2"]
[WhiteTitle "GM"]
[BlackTitle "GM"]
[WhiteElo "2698"]
[BlackElo "2795"]
[WhiteFideId "24175439"]
[BlackFideId "2020009"]
[EventDate "2025.12.26"]

1. e4 c5 2. Nf3 Nc6 3. d4 cxd4 4. Nxd4 g6 5. Be3 Bg7 6. c4 Qb6 7. Nb5 Qa5+ 8.
N5c3 d6 9. Be2 Qb4 10. Qc1 Nf6 11. O-O Ng4 12. a3 Qa5 13. Bxg4 Bxg4 14. Bh6 O-O
15. Bxg7 Kxg7 16. Nd5 Rac8 17. b4 Qd8 18. Qb2+ e5 19. Nd2 Nd4 20. Ne3 Be6 21.
Kh1 f6 22. Rac1 Rf7 23. a4 Rfc7 24. Rce1 a6 25. b5 axb5 26. axb5 g5 27. Ra1 h5
28. Ra3 Qd7 29. Rd3 Qe7 30. Rxd4 exd4 31. Qxd4 Rc5 32. f4 g4 33. Ra1 Kh7 34. Kg1
Rg8 35. Ra3 Rcc8 36. Rd3 Rcd8 37. Nb1 f5 38. Nc3 Rgf8 39. Rd1 Qg7 40. Qd3 Qg6
41. g3 Kh6 42. Qd4 Qg7 43. Qd2 Qf7 44. Ra1 Rfe8 45. Ra7 Qc7 46. Ra1 Qf7 47. Qd4
Kg6 48. Ra7 Rd7 49. Ra1 Qf6 50. Qd2 Kg7 51. Rd1 Kh7 52. Ncd5 Bxd5 53. Nxd5 Qg6
54. Qd4 Re6 55. e5 Rf7 56. c5 dxc5 57. Qxc5 Qg7 58. Qc4 Rd7 59. Nf6+ Rxf6 60.
Rxd7 Qxd7 61. exf6 Qd1+ 62. Kg2 Qd2+ 63. Kg1 Qd1+ 64. Kg2 1/2-1/2

[Event "World Rapid 2025"]
[Site "Doha QAT"]
[Date "2025.12.28"]
[Round "10.12"]
[White "Ivanchuk, Vasyl"]
[Black "Dubov, Daniil"]
[Result "0-1"]
[WhiteTitle "GM"]
[BlackTitle "GM"]
[WhiteElo "2607"]
[BlackElo "2672"]
[WhiteFideId "14100010"]
[BlackFideId "24126055"]
[EventDate "2025.12.26"]

1. d4 d5 2. c4 e6 3. Nc3 Bb4 4. Nf3 dxc4 5. e3 b5 6. a4 c6 7. Bd2 Qe7 8. axb5
Bxc3 9. Bxc3 cxb5 10. d5 Nf6 11. dxe6 Bxe6 12. Nd4 Bd7 13. Be2 O-O 14. O-O Ne4
15. Ba5 Nc6 16. Nxc6 Bxc6 17. Qd4 Rfe8 18. Bf3 Qb7 19. Rfd1 h6 20. Be2 Qe7 21.
Bf3 Qg5 22. Bc7 Nc3 23. Bxc6 Ne2+ 24. Kf1 Nxd4 25. Rxd4 Qc5 26. Bxa8 Qxc7 27.
Bf3 a5 28. Rad1 Re7 29. Rd5 b4 30. Rb5 c3 31. bxc3 bxc3 32. Rc1 Re5 0-1

[Event "World Rapid 2025"]
[Site "Doha QAT"]
[Date "2025.12.28"]
[Round "10.13"]
[White "Giri, Anish"]
[Black "Kosakowski, Jakub"]
[Result "1-0"]
[WhiteTitle "GM"]
[BlackTitle "GM"]
[WhiteElo "2760"]
[BlackElo "2549"]
[WhiteFideId "24116068"]
[BlackFideId "1185080"]
[EventDate "2025.12.26"]

1. e4 c5 2. Nf3 d6 3. Bb5+ Nd7 4. a4 Nf6 5. Nc3 g6 6. d4 cxd4 7. Nxd4 Bg7 8. Be3
O-O 9. O-O Ne5 10. h3 Bd7 11. f4 Nc6 12. Nb3 Rc8 13. a5 a6 14. Be2 Be6 15. Bb6
Qe8 16. Nd4 Nxd4 17. Bxd4 Bc4 18. e5 dxe5 19. Bxe5 Qc6 20. Bxc4 Qxc4 21. Ra4
Qc5+ 22. Kh2 Rfd8 23. Qe2 e6 24. Rd1 Rxd1 25. Qxd1 Nd5 26. Nxd5 Qxd5 27. Qxd5
exd5 28. Bxg7 Kxg7 29. c3 Rc5 30. Rb4 Rxa5 31. Rxb7 Ra1 32. Rb6 a5 33. Rb5 a4
34. Rxd5 a3 35. bxa3 Rxa3 36. Rc5 Ra2 37. Kg3 Rc2 38. Kf3 Kf6 39. g4 h6 40. h4
Ke6 41. Re5+ Kd6 42. Re3 Kd5 43. g5 h5 44. f5 gxf5 45. Re7 Rxc3+ 46. Kf4 Rc4+
47. Kxf5 Rxh4 48. Rxf7 Kd6 49. g6 Rh1 50. g7 Rf1+ 51. Kg6 Rg1+ 52. Kh7 1-0

[Event "World Rapid 2025"]
[Site "Doha QAT"]
[Date "2025.12.28"]
[Round "10.14"]
[White "Matlakov, Maxim"]
[Black "Yu, Yangyi"]
[Result "0-1"]
[WhiteTitle "GM"]
[BlackTitle "GM"]
[WhiteElo "2606"]
[BlackElo "2717"]
[WhiteFideId "4168003"]
[BlackFideId "8603820"]
[EventDate "2025.12.26"]

1. d4 Nf6 2. c4 e6 3. Nf3 d5 4. g3 Be7 5. Bg2 O-O 6. Nc3 Nbd7 7. Qd3 a6 8. b3 b6
9. O-O Bb7 10. Bb2 Ne4 11. Rfd1 Re8 12. Rac1 Bd6 13. e3 Qe7 14. Nh4 Ndf6 15.
cxd5 exd5 16. Nf5 Qd8 17. Nxd6 Qxd6 18. f3 Nxc3 19. Rxc3 Re7 20. Qc2 Rae8 21.
Qc1 b5 22. Re1 h5 23. Qd2 b4 24. Rc5 Nd7 25. Rcc1 a5 26. Kf2 Ba6 27. Qc2 Qh6 28.
Qd2 c6 29. Rc2 Bb5 30. a4 Ba6 31. Bc1 Qg6 32. Bb2 Bd3 33. Rcc1 Re6 34. Kg1 Bf5
35. Qf2 Qh6 36. Rcd1 Rxe3 37. Bc1 Rxe1+ 38. Rxe1 Rxe1+ 39. Qxe1 Qe6 40. Qd2 c5
41. dxc5 Nxc5 42. Bb2 Nxb3 43. Qg5 f6 44. Qxh5 Qe3+ 0-1

[Event "World Rapid 2025"]
[Site "Doha QAT"]
[Date "2025.12.28"]
[Round "10.15"]
[White "Pranav, Anand"]
[Black "Grischuk, Alexander"]
[Result "1/2-1/2"]
[WhiteTitle "GM"]
[BlackTitle "GM"]
[WhiteElo "2591"]
[BlackElo "2654"]
[WhiteFideId "46626786"]
[BlackFideId "4126025"]
[EventDate "2025.12.26"]

1. e4 c5 2. Nf3 d6 3. d4 cxd4 4. Nxd4 Nf6 5. Nc3 a6 6. Bd3 g6 7. Be2 Bg7 8. Be3
O-O 9. h4 d5 10. exd5 Nxd5 11. Nxd5 Qxd5 12. Bf3 Qa5+ 13. c3 Nd7 14. h5 Rd8 15.
h6 Bf6 16. O-O Ne5 17. Qe2 Nxf3+ 18. Qxf3 Qd5 19. Qxd5 Rxd5 20. Rad1 Bd7 21. Nb3
Bc6 22. Rxd5 Bxd5 23. Rd1 e6 24. Nc5 Rd8 25. f3 Bc6 26. Rxd8+ Bxd8 27. Kf2 e5
28. c4 Be7 29. b4 f6 30. b5 Bxc5 31. Bxc5 axb5 32. cxb5 Bxb5 33. g3 Kf7 34. f4
Ke6 35. Ke3 Kf5 36. Bd6 Bc6 37. a3 g5 38. fxe5 fxe5 39. Bc7 e4 40. Bd6 Kg4 41.
Kf2 Bd5 42. Ke3 Kf5 43. Kf2 1/2-1/2

[Event "World Rapid 2025"]
[Site "Doha QAT"]
[Date "2025.12.28"]
[Round "10.16"]
[White "Nihal, Sarin"]
[Black "Gurel, Ediz"]
[Result "1/2-1/2"]
[WhiteTitle "GM"]
[BlackTitle "GM"]
[WhiteElo "2701"]
[BlackElo "2645"]
[WhiteFideId "25092340"]
[BlackFideId "44507356"]
[EventDate "2025.12.26"]

1. e4 c5 2. Nf3 e6 3. g3 Nc6 4. Bg2 Nf6 5. d3 d6 6. O-O Be7 7. Re1 O-O 8. c3 e5
9. h3 Be6 10. Na3 h6 11. Nc2 Re8 12. d4 exd4 13. cxd4 d5 14. e5 Ne4 15. dxc5
Bxc5 16. Be3 Bxe3 17. Rxe3 Qb6 18. b3 Bf5 19. Ncd4 Bh7 20. Nxc6 bxc6 21. Qd4 Qb7
22. Nd2 c5 23. Qb2 Rad8 24. Rc1 Qb4 25. Nxe4 dxe4 26. Qc3 Qxc3 27. Rexc3 Rxe5
28. Rxc5 Rxc5 29. Rxc5 Rd1+ 30. Kh2 g5 31. Ra5 Rd2 32. Kg1 Rd1+ 33. Kh2 Rd2 34.
Kg1 1/2-1/2

[Event "World Rapid 2025"]
[Site "Doha QAT"]
[Date "2025.12.28"]
[Round "10.17"]
[White "Makarian, Rudik"]
[Black "Praggnanandhaa, R"]
[Result "1/2-1/2"]
[WhiteTitle "GM"]
[BlackTitle "GM"]
[WhiteElo "2524"]
[BlackElo "2761"]
[WhiteFideId "44105681"]
[BlackFideId "25059530"]
[EventDate "2025.12.26"]

1. d4 Nf6 2. c4 e6 3. Nf3 d5 4. g3 Bb4+ 5. Bd2 Be7 6. Bg2 c6 7. Qc2 Nbd7 8. Bf4
Ne4 9. h4 h6 10. Nc3 Nxc3 11. Qxc3 O-O 12. O-O b6 13. cxd5 cxd5 14. Bc7 Qe8 15.
Rfc1 Ba6 16. Bf1 Rc8 17. Qe1 Nc5 18. Bf4 Ne4 19. Rxc8 Qxc8 20. Rc1 Qa8 21. Nd2
Rc8 22. Nxe4 dxe4 23. Rxc8+ Qxc8 24. Qc1 Qxc1 25. Bxc1 Bd6 26. h5 Kf8 27. e3
Bxf1 28. Kxf1 f5 29. Kg2 Kf7 30. f4 Bb4 31. Kf2 b5 32. a3 Ba5 33. b4 Bd8 34. Kg2
g6 35. hxg6+ Kxg6 36. Bd2 Bf6 37. Be1 Bd8 38. Kh3 Be7 39. g4 fxg4+ 40. Kxg4 Bd8
41. Bd2 h5+ 42. Kh3 Kf7 43. Be1 Be7 44. Bh4 Bd6 45. Be1 Kg6 46. Kg3 Be7 47. Kh3
Bd8 48. Bh4 Bc7 49. Be1 Bb6 50. Kh4 Bd8+ 51. Kh3 Kf7 52. Bh4 Bc7 53. Be1 Kg6 54.
Kh4 Bd6 55. Kh3 Kf5 56. Bd2 Kf6 57. Kh4 Kg6 58. Be1 Kf5 1/2-1/2

[Event "World Rapid 2025"]
[Site "Doha QAT"]
[Date "2025.12.28"]
[Round "10.18"]
[White "Ahmad, Khagan"]
[Black "Robson, Ray"]
[Result "0-1"]
[WhiteTitle "IM"]
[BlackTitle "GM"]
[WhiteElo "2472"]
[BlackElo "2650"]
[WhiteFideId "13431552"]
[BlackFideId "2023970"]
[EventDate "2025.12.26"]

1. e4 e5 2. Nf3 Nc6 3. Bb5 Nf6 4. O-O Nxe4 5. Re1 Nd6 6. a4 Be7 7. Nc3 O-O 8. d4
Nxd4 9. Nxd4 exd4 10. Nd5 Bh4 11. Bd3 b6 12. Nxc7 Qxc7 13. Qh5 Bxf2+ 14. Kxf2 f5
15. Kg1 Bb7 16. Bf4 Qc6 17. Re2 Ne4 18. a5 b5 19. Rf1 Rae8 20. Qh3 a6 21. Bc1
Qd5 22. b3 Re6 23. Ba3 Ng5 24. Qg3 Rxe2 25. Bxe2 f4 26. h4 Rf5 27. Bf3 Qe6 28.
Qf2 Nxf3+ 29. gxf3 Re5 30. Qg2 Re2 31. Qg5 Qe3+ 0-1